000
00231nam a22000977a 4500
008
140110t xxu||||| |||| 00| 0 eng d
100
_a
Virgina S. Sexton
_9
630
245
_a
Psychology around the world
300
_a
340
942
_2
ddc
_c
BK
999
_c
16892
_d
16892